Responses for Show #6676 - Monday, September 30, 2013

Contestants

[<< previous game]

Meredith Robinson, a retired naval officer from Gales Ferry, Connecticut

Fidelito Cortes, a writer from Port Jefferson Station, New York

Sarah Zucker, an Internet entrepreneur and screenwriter from Los Angeles, California (whose 1-day cash winnings total $1,799)

[next game >>]

Jeopardy! Round responses

ASSUME THE PREPOSITION
WHERE IS IT?
REJECTED SPORTS TEAM NAMES
OSCAR-NOMINATED WARNER BROS. CARTOONS
FRAGRANCES
THE BATTLESHIP U.S.S. IOWA
    $200 11
In (the beginning)

Meredith
    $200 6
Venezuela

Fidelito
    $200 16
the scholars

Sarah
    $200 1
Bugs Bunny

Sarah
    $200 21
Happy

Sarah
    $200 26
Stalin & Churchill

Sarah
    $400 12
aboard

Sarah
    $400 7
the Pacific

Meredith
    $400 17
the co-pays

Fidelito
    $400 2
Sylvester

Sarah
    $400 22
(Meredith: Who is Dita von Teese?)

Sinner

Meredith
Triple Stumper
    $400 27
helicopters

Fidelito
    $600 13
sub

Sarah
    $600 8
Wisconsin

Sarah
    $600 18
a fez

Sarah
    $600 3
Foghorn Leghorn

Sarah
    $3,000 23
Calvin Klein

Sarah
    $600 28
the Statue of Liberty

Fidelito
    $800 14
Versus

Sarah
    $800 9
The Hague

Meredith
    $800 19
yeast

Sarah
    $800 4
Porky Pig

Triple Stumper
    $800 24
Patchouli

Fidelito
    $800 29
(Sarah: What is a missile?)
(Alex: Be more specific.)
(Sarah: What is a ballistic missile?)

a cruise missile

SarahFidelito
    $1000 15
above & beyond

Meredith
    $1000 10
the Bronx

Meredith
    $1000 20
phonies

Sarah
    $1000 5
Pepe LePew

Fidelito
    $1000 25
Shalimar

Triple Stumper
    $1000 30
the Marshall Islands

Meredith

Scores at the first commercial break (after clue 15):

Sarah Fidelito Meredith
$3,600 $1,200 $3,400

Scores at the end of the Jeopardy! Round:

Sarah Fidelito Meredith
$8,800 $4,200 $4,000

Double Jeopardy! Round responses

U.S. CITY NAME ORIGINS
PICK UP THE HOMOPHONE
INVESTING
19th CENTURY BRIT LIT
ROCKET MUSIC
HEY, LAD-"E"
    $400 15
Tucson

Fidelito
    $400 18
(Fidelito: ...uhh, sorry.)

bury/berry

Fidelito
Triple Stumper
    $400 4
Thomas Hardy

Fidelito
    $400 1
Elton John

Sarah
    $400 9
Amelia Earhart

Fidelito
    $800 16
(Fidelito: [No response])
(Sarah: What is Charlotte?)

Chapel Hill

SarahFidelitoMeredith
    $800 19
hoard/Horde

Meredith
    $800 5
Sir Walter Scott

Sarah
    $800 2
"Man on the Moon"

Meredith
    $800 10
Mary Baker Eddy

Fidelito
    $1200 23
(George) Pullman

Fidelito
    $1200 20
canvas/canvass

Fidelito
    $1200 6
Vanity Fair

Fidelito
    $1200 3
"Space Oddity"

Fidelito
    $1200 11
Nora Ephron

Sarah
    $1600 24
Evanston

Sarah
    $1600 21
does/doze

Sarah
    $1600 7
(Sarah: Who is D.H. Lawrence?)

Wilkie Collins

SarahFidelito
    $1600 14
(Meredith: What is "Your Pocket"?)

"Rocket In My Pocket"

Meredith
Triple Stumper
    $1600 12
George Eliot

Fidelito
    $7,000 25
(Sarah: What is... um... what is Topeka?)
[The end-of-round signal sounds.]

Dodge City

Sarah
    $2000 22
viol/vial

Fidelito
    $4,400 8
Little Dorrit

Fidelito
    $2000 17
"Afternoon Delight"

Sarah
    $2000 13
Eleanor (of Aquitaine)

Fidelito

Scores at the end of the Double Jeopardy! Round:

Sarah Fidelito Meredith
$7,000 $21,400 $4,800
(lock game)

[wagering suggestions for these scores]

Final Jeopardy! Round responses

MOUNT RUSHMORE
MeredithWhat is Ohio NY + Kentucky?
$3,000
SarahWhat are New York and Ohio
$2,601
FidelitoWhat are New York & Illinois
$1,400
New York & Kentucky

Final scores:

Sarah Fidelito Meredith
$4,399 $20,000 $7,800
3rd place: $1,000 New champion: $20,000 2nd place: $2,000

Game dynamics:

Coryat scores:

Sarah Fidelito Meredith
$11,600 $19,000 $4,800
20 R
(including 1 DD),
4 W
(including 1 DD)
20 R
(including 1 DD),
2 W
9 R,
2 W

Combined Coryat: $35,400

[game clues] [game scores] [suggest correction]

Game tape date: 2013-08-27
The J! Archive is created by fans, for fans. Scraping, republication, monetization, and malicious use prohibited; this site may use cookies and collect identifying information. See terms. The Jeopardy! game show and all elements thereof, including but not limited to copyright and trademark thereto, are the property of Jeopardy Productions, Inc. and are protected under law. This website is not affiliated with, sponsored by, or operated by Jeopardy Productions, Inc. Join the discussion at JBoard.tv.